Statistics for Most Expensive Transfers from Olympiacos

Click here to take the quiz!

General Stats

  • This quiz has been taken 91 times
  • The average score is 10 of 19

Answer Stats

SumToSeasonPlayer Name% Correct
19.60mWolves'19-'20Daniel Podence
89%
15.00mAS Roma'14-'15Kostas Manolas
88%
13.00mLiverpool'20-'21Kostas Tsimikas
88%
17.50mBayer Leverkusen'17-'18Panagiotis Retsos
78%
15.20mFulham'13-'14Kostas Mitroglou
76%
8.00mWolves'21-'22José Sá
66%
15.10mCrystal Palace'16-'17Luka Milivojevic
63%
10.00mBenfica'14-'15Andreas Samaris
62%
7.65mEverton'12-'13Kevin Mirallas
54%
7.10mWest Ham'16-'17Arthur Masuaku
50%
7.00mInter'99-'00Grigoris Georgatos
50%
15.00mShakhtar Donetsk'07-'08Nery Castillo
47%
5.50mMonaco'06-'07Yaya Touré
42%
6.00mAl-Sadd SC'20-'21Guilherme
37%
6.50mChivas'16-'17Alan Pulido
32%
12.00mTJ Teda'16-'17Brown Ideye
29%
8.00mValencia'00-'01Zlatko Zahovic
26%
5.00mPorto'09-'10Fernando Belluschi
21%
5.30mLekhwiya'13-'14Vladimir Weiss
14%

Score Distribution

Percentile by Number Answered

Percent of People with Each Score

Your Score History

You have not taken this quiz